Teams that never won a Super Bowl - Statistics

General Stats
  • This quiz has been taken 419 times
  • The average score is 11 of 13
Answer Stats
Team % Correct
Cleveland Browns
90%
Houston Texans
88%
Detroit Lions
87%
Minnesota Vikings
87%
Cincinnati Bengals
86%
Jacksonville Jaguars
85%
Atlanta Falcons
84%
Buffalo Bills
84%
San Diego Chargers
84%
Carolina Panthers
83%
Arizona Cardinals
81%
Tennessee Titans
80%
Philadelphia Eagles
58%
No matching quizzes found
Score Distribution
Percent of People with Each Score
Percentile by Number Answered
Your Score History
You have not taken this quiz